Normal view
MARC view
Entry Topical Term
001 - CONTROL NUMBER
- control field: 34388
003 - CONTROL NUMBER IDENTIFIER
- control field: dpl
005 - DATE AND TIME OF LATEST TRANSACTION
- control field: 20110905144513.0
008 - FIXED-LENGTH DATA ELEMENTS
- fixed length control field: 110905|||a|||||| | ||| d
040 ## - CATALOGING SOURCE
- Original cataloging agency: dpl
- Transcribing agency: dpl
150 ## - HEADING--TOPICAL TERM
- Topical term or geographic name as entry element: हिन्दी कहानियाँ
670 ## - SOURCE DATA FOUND
- Source citation: Work cat.: (dpl)56277: कुमार, एस. 34387, बच्चों के खेल /, 2005
670 ## - SOURCE DATA FOUND
- Source citation: Work cat.: (dpl)56277: कुमार, एस. 34387, बच्चों के खेल /, 2005
